00933cam a22002537a 4500003000500000005001700005008004100022010001000063011001000073020001500083035001100098040000900109100003500118245015400153260014900307300001000456410001900466490003700485650004200522650003100564650002800595810001900623830003700642CHAP20250603095144.0041011d2002 mx r 00110 spa d a88915 a89887 a9688847860 a100438 cCHAP10aGarza López, Jesús María10aTomate verde :bfactores que determinan los niveles de productividad y rentabilidad en la región centro de Méxicoc/por Jesús Ma. Garza López aChapingo, Méx. :bUACH. Centro de Investigaciones Económicas, Sociales y Tecnológicas de la Agroindustria y la Agricultura Mundial,c2002. a54 p.00aUACH. CIESTAAM 0aReporte de investigaciónv; 6114aTomate verdexCostos de producción.14aTomate verdexRendimiento.14aTomate verdezMéxico.00aUACh. CIESTAAM0 aReporte de investigaciónv; 61